000 02513nam0a2200469 i 4500
001 RU\NLR\BIBL_A\010189250
005 20260503054144.0
010 _a9785446806614
_9500
021 _aRU
_b2013-99810
_96930
035 _a(NILC)RuMoRGB-006711542
035 _a(NLR Aleph) 010189250
090 _a10189358
_c10189358
100 _a20140211d2014 m y0rusy50 ca
101 0 _arus
102 _aRU
105 _aa|||j|||000yy
200 1 _aОхрана окружающей среды
_eучебник
_eдля студентов высших учебных заведений, обучающихся по направлению "Экология и природопользование"
_f[Я. Д. Вишняков, П.В. Зозуля, А.В. Зозуля, С.П. Киселева]
_gпод ред. Я. Д. Вишнякова
205 _a2-е изд., стер.
210 _aМосква
_cАкадемия
_d2014
215 _a284, [1] с.
_cил.
_d22
225 1 _aВысшее образование
225 1 _aБакалавриат
225 1 _aУчебник
300 _aАвт. указаны на обороте тит. л.
320 _aБиблиогр.: с. 271-276
606 _aБиосфера
_jУчебники для высших учебных заведений
_xВлияние антропических факторов
_92231258
_3RU\NLR\AUTH\661339219
606 _aОкружающая среда
_xВлияние антропических факторов
_91252126
_3RU\NLR\AUTH\66512722
606 1 _aОкружающая среда
_jУчебники для высших учебных заведений
_xОхрана
_yРоссийская Федерация
_92098303
_3RU\NLR\AUTH\661269354
675 _a502/504(075.8)
686 1 _aХ625.9я73
686 1 _aЕ081.4я73-1
701 1 _4070
_4340
_8rus
_7ca
_aВишняков
_bЯ. Д.
_gЯков Дмитриевич
_3RU\NLR\AUTH\7754778
_937710
701 1 _aЗозуля
_bП. В.
_gПавел Валерьевич
_3RU\NLR\AUTH\770128633
_9128602
701 1 _aЗозуля
_bА. В.
_gАнтон Валериевич
_3RU\NLR\AUTH\770128631
_9128600
701 1 _8rus
_7ca
_aКиселева
_bС. П.
_cд-р экон. наук
_f1979-
_gСветлана Петровна
_3RU\NLR\AUTH\77108964
_991889
801 0 _aRU
_bRuMoRKP
_c20130304
_gRCR
801 2 _aRU
_bРГБ
_c20131217
_grcr
801 1 _aRU
_bRuMoRKP
_c20130304
_2rusmarc
942 _cBOOK
980 _aNBR